02398cam a2200457 i 4500952013700000999001700137001000900154003000400163005001700167008004100184010001700225020002600242020002500268035002000293040003300313042000800346050002300354060001100377082002200388100003600410245022300446264008600669300004500755336002100800337002500821338002300846504005100869505050600920650003001426650002701456650001401483650002201497650001401519650003501533650002601568700003101594700003801625776019001663906004501853942004201898 00102ddc40708BIOLOGYaMESbMEScBOTANYd2022-11-09g4730.00l0o572.82 GRO/Pp41735r2022-11-09 00:00:00w2022-11-09yBKzGL18R2 c41774d4177418240920OSt20221109104325.0140722s2015 enka b 001 0 eng  a 2014028955 a9781119998884 (cloth) a9781119998877 (pbk.) a(DNLM)101637477 aDNLM/DLCbengcDLCerdadDLC apcc00aQK981.4b.G76 201510aQK 98100a572.82223bGRO/P1 aGrotewold, Ericheauthor.9928410aPlant genes, genomes, and genetics /cErich Grotewold, The Ohio State University, USA, Joseph Chappell, University of Kentucky, USA, Elizabeth A. Kellogg, Donald Danforth Plant Science Center, St. Louis, Missouri, USA. 1aChichester, West Sussex, UK ;aHoboken, NJ, USA :bJohn Wiley & Sons Inc.,c2015. axix, 239 pages :billustrations ;c26 cm atext2rdacontent aunmediated2rdamedia avolume2rdacarrier aIncludes bibliographical references and index.0 aThe plant genetic material -- The genome landscape : plastic and dynamic -- Transposable elements -- Centromeres, telomeres and chromatin -- Organelle genomes -- RNA -- The plant RNA polymerases -- Making mRNAs : control of transcription by RNP-II -- Controlling nuclear transcription -- Control of transcription factor function -- Small RNAs -- Chromatin and gene expression -- RNA processing and transport -- Fate of RNA -- Translation of RNA -- Protein folding and transport -- Protein degradation. 0aPlant molecular genetics. 0aPlant gene expression. 0aGenomics.12aPlantsxgenetics.22aGenomics.22aPlant Physiological Phenomena.22aRNA, Plantxgenetics.1 aChappell, Joseph,eauthor.1 aKellogg, Elizabeth Anne,eauthor.08iOnline version:aGrotewold, Erich, author.tPlant genes, genomes, and geneticsdChichester, West Sussex, UK ; Hoboken, NJ : John Wiley & Sons Inc., 2015z9781118539361w(DLC) 2014029985 a7bcbccorignewd1eecipf20gy-gencatlg 2ddccBKh572.82iGRO/Pk572.82mGRO/P